<?xml version="1.0" encoding="UTF-8"?>
<record
    xmlns:xsi="http://www.w3.org/2001/XMLSchema-instance"
    xsi:schemaLocation="http://www.loc.gov/MARC21/slim http://www.loc.gov/standards/marcxml/schema/MARC21slim.xsd"
    xmlns="http://www.loc.gov/MARC21/slim">

  <leader>01352nam a22002537a 4500</leader>
  <controlfield tag="001">BRCA_9278</controlfield>
  <controlfield tag="003">FranzMayer</controlfield>
  <controlfield tag="005">20230721120544.0</controlfield>
  <controlfield tag="008">230721b        |||||||| |||| 00| 0 eng d</controlfield>
  <datafield tag="040" ind1=" " ind2=" ">
    <subfield code="a">MFM</subfield>
    <subfield code="b">esp</subfield>
    <subfield code="c">MFM</subfield>
  </datafield>
  <datafield tag="050" ind1=" " ind2=" ">
    <subfield code="a">CO106</subfield>
    <subfield code="b">C65 1837</subfield>
  </datafield>
  <datafield tag="082" ind1=" " ind2=" ">
    <subfield code="2">KF195.M6</subfield>
  </datafield>
  <datafield tag="110" ind1="1" ind2=" ">
    <subfield code="4">Responsable</subfield>
    <subfield code="a">Ilustre y Nacional Colegio de Abogados </subfield>
    <subfield code="9">28892</subfield>
  </datafield>
  <datafield tag="240" ind1="1" ind2=" ">
    <subfield code="a">Lecciones de practica forense mejicana</subfield>
    <subfield code="h">Continuaci&#xF3;n de la parte primera y del capitulo cuarto. Leccion diez Quid &#xF3; de la cosa demandada</subfield>
    <subfield code="l">espa&#xF1;ol</subfield>
  </datafield>
  <datafield tag="245" ind1="0" ind2=" ">
    <subfield code="a">Lecciones de pr&#xE1;ctica forense mejicana</subfield>
    <subfield code="b">Continuaci&#xF3;n de la parte primera y del cap&#xED;tulo cuarto. Lecci&#xF3;n diez. Quid o de la cosa demandada</subfield>
  </datafield>
  <datafield tag="260" ind1=" " ind2=" ">
    <subfield code="a">M&#xE9;xico</subfield>
    <subfield code="b">Nacional e ilustre colegio de Abogados</subfield>
    <subfield code="c">1837</subfield>
  </datafield>
  <datafield tag="300" ind1=" " ind2=" ">
    <subfield code="a">610 p</subfield>
    <subfield code="c">21 cm</subfield>
  </datafield>
  <datafield tag="440" ind1=" " ind2=" ">
    <subfield code="a">Lecciones de pr&#xE1;ctica forense mejicana</subfield>
    <subfield code="n">Continuaci&#xF3;n de la primera parte y del capitulo cuarto.</subfield>
    <subfield code="p">Lecci&#xF3;n diez</subfield>
    <subfield code="v">Quid &#xF3; de la cosa demandada</subfield>
    <subfield code="9">28893</subfield>
  </datafield>
  <datafield tag="500" ind1=" " ind2=" ">
    <subfield code="a">El libro contiene tiras en las cubiertas para ayudar a que se cierre</subfield>
  </datafield>
  <datafield tag="505" ind1="0" ind2=" ">
    <subfield code="a">Texto en: espa&#xF1;olDirigido a: doctores, forenses, abogados, personal de seguridadIncluye &#xED;ndice tem&#xE1;tico</subfield>
  </datafield>
  <datafield tag="650" ind1="1" ind2=" ">
    <subfield code="2">Patolog&#xED;as sociales</subfield>
    <subfield code="a">Servicios p&#xFA;blicos</subfield>
    <subfield code="v">Criminolog&#xED;a</subfield>
    <subfield code="9">28894</subfield>
  </datafield>
  <datafield tag="651" ind1="2" ind2=" ">
    <subfield code="2">Sistema criminal</subfield>
    <subfield code="a">Ciencias forenses</subfield>
    <subfield code="v">Forenses mexicanas </subfield>
    <subfield code="x">Criminolog&#xED;a mexicana</subfield>
    <subfield code="9">28895</subfield>
  </datafield>
  <datafield tag="942" ind1=" " ind2=" ">
    <subfield code="2">lcc</subfield>
    <subfield code="c">B</subfield>
  </datafield>
  <datafield tag="999" ind1=" " ind2=" ">
    <subfield code="c">10897</subfield>
    <subfield code="d">10897</subfield>
  </datafield>
  <datafield tag="952" ind1=" " ind2=" ">
    <subfield code="0">0</subfield>
    <subfield code="1">0</subfield>
    <subfield code="2">lcc</subfield>
    <subfield code="4">0</subfield>
    <subfield code="7">0</subfield>
    <subfield code="8">CFM</subfield>
    <subfield code="a">BRCA</subfield>
    <subfield code="b">BRCA</subfield>
    <subfield code="d">2023-07-21</subfield>
    <subfield code="e">Donaci&#xF3;n</subfield>
    <subfield code="l">0</subfield>
    <subfield code="o">CO106 C65 1837</subfield>
    <subfield code="p">CFM00514</subfield>
    <subfield code="r">2023-07-21 00:00:00</subfield>
    <subfield code="w">2023-07-21</subfield>
    <subfield code="y">B</subfield>
  </datafield>
</record>
